000 00419nam a2200133Ia 4500
008 130320s9999 xx 000 0 und d
100 _aAnitha K.P
245 _aFaculty database management system and integration with Uportal
502 _bMCA
_dEXT
_ePradeep Kumar K
_hMahathma Gandhi University, Kottayam
650 _aDATABASE MANAGEMENT SYTEM
650 _aUPORTAL
650 _aEDUCATIONAL GRID
700 _aDayana C
999 _c2704
_d2704